000 00337nam a2200145Ia 4500
005 20251222144823.0
008 251222s9999||||xx |||||||||||||| ||spa||
020 _a9789606632167
082 _a450/B84
100 _aBrogini, P
245 0 _aRaccontare il Novecento
250 _a1ra.ed.
264 _bEdizioni Edilingua
942 _cLIB
999 _c20546
_d20546